00280nam a2200109Ia 4500008004100000041000800041082002200049100001800071245003500089260003700124300000900161230411s9999 xx 000 0 und d aeng aPY/150/KON/B07282 aKonnur Rajesh aPsychology for Graduate Nurses bJaypee BrothersaNew Delhic2013 a244p